Countries With 25 Million People in 2100 - Statistics

General Stats
  • This quiz has been taken 65 times
    56 since last reset
  • The average score is 46 of 65
Answer Stats
Population Country % Correct
224,735,180 Egypt
94%
74,959,377 Japan
91%
126,142,656 Russia
91%
70,704,619 Algeria
88%
1,064,993,459 China
88%
74,740,598 Germany
88%
1,450,420,839 India
88%
98,587,984 Iran
88%
39,992,914 Italy
88%
164,947,332 Niger
88%
732,941,597 Nigeria
88%
33,209,863 Spain
88%
86,170,458 Turkey
88%
78,053,360 United Kingdom
88%
433,853,891 United States
88%
65,497,773 France
84%
320,782,424 Indonesia
84%
141,509,743 Mexico
84%
403,102,827 Pakistan
84%
56,802,489 Argentina
81%
294,392,896 Ethiopia
81%
107,711,273 Iraq
81%
142,342,349 Sudan
81%
285,651,848 Tanzania
81%
97,437,278 Vietnam
81%
180,682,756 Brazil
78%
151,393,020 Bangladesh
75%
56,953,227 Canada
75%
125,423,854 Kenya
75%
55,298,936 Myanmar
75%
146,327,435 Philippines
75%
46,015,543 Thailand
75%
42,876,772 Australia
72%
61,849,818 Chad
72%
45,221,262 Colombia
72%
39,158,182 Peru
72%
136,784,883 Uganda
69%
53,515,360 Senegal
66%
79,190,833 South Africa
66%
90,225,182 Cameroon
63%
79,011,407 Ghana
63%
40,078,168 Malaysia
63%
75,716,432 Somalia
63%
31,616,064 South Sudan
63%
34,240,725 Venezuela
63%
75,166,964 Afghanistan
59%
80,382,703 Mali
59%
188,283,138 Angola
56%
123,646,947 Mozambique
56%
33,412,648 Rwanda
56%
36,103,167 Syria
56%
42,270,848 Uzbekistan
56%
81,546,200 Zambia
56%
50,904,082 Burundi
53%
96,632,721 Ivory Coast
53%
27,917,822 Kazakhstan
53%
54,171,323 Yemen
53%
30,965,416 Zimbabwe
53%
47,208,993 Benin
50%
66,559,388 Malawi
50%
31,270,072 Guatemala
47%
45,256,868 Guinea
47%
26,949,191 Togo
47%
362,031,082 Democratic Republic of Congo
31%
99,957,337 Madagascar
31%
No matching quizzes found
Score Distribution
Percent of People with Each Score
Percentile by Number Answered
Your Score History
You have not taken this quiz since the last reset